The noble scholar, jurist, historian


 His Excellency Dr. Abdul Wahhab bin Ibrahim Abu Sulaiman, may Allah have mercy on him.


 He was born in Umm Al-Qura in the year 1356 AH.

تقريب الأصول لتسهيل الوصول لمعرفة الرب سبحانه وتعالى والرسول صلى الله عليه وعلى آله وصحبه صلاة لا تفنى ولا تزول / (Record no. 14577)

MARC details
000 -LEADER
fixed length control field 01499cam a22002651i 4500
003 - CONTROL NUMBER IDENTIFIER
control field OSt
005 - DATE AND TIME OF LATEST TRANSACTION
control field 20260315114420.0
008 - FIXED-LENGTH DATA ELEMENTS--GENERAL INFORMATION
fixed length control field 250817s2019 su g 000 0 ara c
020 ## - INTERNATIONAL STANDARD BOOK NUMBER
International Standard Book Number 9789953541877
040 ## - CATALOGING SOURCE
Original cataloging agency SA-JeALM
Language of cataloging ara
Transcribing agency SA-RiAUC
Description conventions rda
082 04 - DEWEY DECIMAL CLASSIFICATION NUMBER
Classification number 240
Assigning agency SA-RiAUC
090 ## - LOCALLY ASSIGNED LC-TYPE CALL NUMBER (OCLC); LOCAL CALL NUMBER (RLIN)
Classification number (OCLC) (R) ; Classification number, CALL (RLIN) (NR) م ن240
Local cutter number (OCLC) ; Book number/undivided call number, CALL (RLIN) ا ب ن ز
100 1# - MAIN ENTRY--PERSONAL NAME
Personal name ابن زيني دحلان، أحمد،
Dates associated with a name 1232-1304 هجري
Relator term مؤلف.
245 10 - TITLE STATEMENT
Title تقريب الأصول لتسهيل الوصول لمعرفة الرب سبحانه وتعالى والرسول صلى الله عليه وعلى آله وصحبه صلاة لا تفنى ولا تزول /
Statement of responsibility, etc. تأليف الإمام الحافظ الفقيه إمام الحرمين الشريف أبي العباس أحمد بن زيني دحلان. اعتنت به اللجنة العلمية بمركز دار المنهاج للدراسات والتحقيق العلمي
264 #1 - PRODUCTION, PUBLICATION, DISTRIBUTION, MANUFACTURE, AND COPYRIGHT NOTICE
Place of production, publication, distribution, manufacture دون مكان نشر :
Name of producer, publisher, distributor, manufacturer دون ناشر
300 ## - PHYSICAL DESCRIPTION
Extent 234 صفحة ؛
Dimensions 29 سم.
336 ## - CONTENT TYPE
Content type term نص
Content type code txt
Source rdacontent
Materials specified كتاب
337 ## - MEDIA TYPE
Media type term بدون وسيط
Media type code n
Source rdamedia
338 ## - CARRIER TYPE
Carrier type term مجلد
Carrier type code nc
Source rdacarrier
500 ## - GENERAL NOTE
General note اهداء من هاني عبدالشكور الى الشيخ رحمه الله بتاريخ 25 / 3 / 1442 هـ
650 #7 - SUBJECT ADDED ENTRY--TOPICAL TERM
Topical term or geographic name entry element علم الكلام
Source of heading or term aucsh
710 ## - ADDED ENTRY--CORPORATE NAME
Corporate name or jurisdiction name as entry element اللجنة العلمية بمركز دار المنهاج للدراسات والتحقيق العلمي
Relator term محقق.
942 ## - ADDED ENTRY ELEMENTS (KOHA)
Source of classification or shelving scheme Dewey Decimal Classification
Koha item type كتاب مصور نادر
Suppress in OPAC No
949 ## - LOCAL PROCESSING INFORMATION (OCLC)
a SA-JeALM
d 250817
u osman123
n 1
Holdings
Withdrawn status Lost status Source of classification or shelving scheme Damaged status Not for loan Home library Current library Date acquired Total checkouts Full call number Barcode Date last seen Price effective from Koha item type
    Dewey Decimal Classification     DR AbdElwahab Library DR AbdElwahab Library 03/15/2026   م ن 240 ا ب ن ز 000023071 03/15/2026 03/15/2026 كتاب مصور نادر